Southville International School and Colleges
Your cart is empty.
  • Cart
  • Lists
    Public lists Eva Luna New books Lux_list list_1
    Your lists Log in to create your own lists
  • Log in to your account
  • Your cookies
  • Search history
Southville International School and Colleges
  • Advanced search
  • Recent comments
  • Most popular
  • Libraries

Log in to your account

Log in with GOOGLE


If you do not have an external account, but do have a local account, you can still log in:

  1. Home
  2. MARC view: Contemporary tourism :
Normal view MARC view ISBD view

Contemporary tourism : (Record no. 48524)

[ view plain ]
MARC details
000 -LEADER
fixed length control field 00624nam a2200205Ia 4500
003 - CONTROL NUMBER IDENTIFIER
control field PILC
005 - DATE AND TIME OF LATEST TRANSACTION
control field 20160318095821.0
008 - FIXED-LENGTH DATA ELEMENTS--GENERAL INFORMATION
fixed length control field 140321s9999 xx 000 0 und d
020 ## - INTERNATIONAL STANDARD BOOK NUMBER
International Standard Book Number 9781906884253
050 ## - LIBRARY OF CONGRESS CALL NUMBER
Classification number G 155.A1
Item number .C784 2013
100 ## - MAIN ENTRY--PERSONAL NAME
Personal name Cooper, Chris.
245 ## - TITLE STATEMENT
Title Contemporary tourism :
Remainder of title an international approach /
Statement of responsibility, etc Chris Cooper and C. Michael Hall.
250 ## - EDITION STATEMENT
Edition statement 2nd edition.
260 ## - PUBLICATION, DISTRIBUTION, ETC. (IMPRINT)
Place of publication, distribution, etc Oxford :
Name of publisher, distributor, etc Goodfellow Publishers Limited,
Date of publication, distribution, etc 2013.
300 ## - PHYSICAL DESCRIPTION
Extent 364 pages ;
Dimensions 25 cm.
500 ## - GENERAL NOTE
General note Includes bibliographical references and index.
650 ## - SUBJECT ADDED ENTRY--TOPICAL TERM
Topical term or geographic name as entry element Tourism.
942 ## - ADDED ENTRY ELEMENTS (KOHA)
Call number prefix Foreign
Koha item type Books
Source of classification or shelving scheme Library of Congress Classification
Holdings
Withdrawn status Lost status Damaged status Home library Current library Shelving location Date acquired Total Checkouts Full call number Barcode Date last seen Date checked out Price effective from Koha item type
      College Library College Library Reserve Section 03/21/2014 1 G 155.A1 .C784 2013 C17807 04/29/2019 04/29/2019 03/21/2014 Books

Contemporary tourism :

APA

Cooper C., . (2013). Contemporary tourism. Oxford: Goodfellow Publishers Limited.

Chicago

Cooper Chris, . 2013. Contemporary tourism. Oxford: Goodfellow Publishers Limited.

Harvard

Cooper C., . (2013). Contemporary tourism. Oxford: Goodfellow Publishers Limited.

MLA

Cooper Chris, . Contemporary tourism. Oxford: Goodfellow Publishers Limited. 2013.

  • Place hold
  • Print
  • Cite
  • Add to your cart (remove)
  • Save record
    BIBTEX Dublin Core MARCXML MARC (non-Unicode/MARC-8) MARC (Unicode/UTF-8) MARC (Unicode/UTF-8, Standard) MODS (XML) RIS
  • More searches
    Search for this title in:
    Other Libraries (WorldCat) Other Databases (Google Scholar) Online Stores (Bookfinder.com) Open Library (openlibrary.org)

Exporting to Dublin Core...

SOUTHVILLE LIBRARY

Southville International School and Colleges Library

1281 Tropical Ave. Cor. Luxembourg St., BF Homes International, Las Pinas City

Tel. No. 8256374 / 252358 Loc. 117/146

Powered by Koha